00266nam a2200097Ia 4500008004100000100002900041245004900070260002700119942000700146999001500153190216s9999||||xx |||||||||||||| ||und|| aNarendra K Kulshrestha 0aTheory And Practice Of Management Accounting bNavman Prakashanc1976 cBK c4108d4108